Microeconomics : Theory/Applications

Shranjeno v:
Bibliografske podrobnosti
Glavni avtor: Mansfield, Ewin
Format: Knjiga
Jezik:Undetermined
Izdano: New York W. W. Norton & Company 1985
Teme:
Oznake: Označite
Brez oznak, prvi označite!
Thư viện lưu trữ: Trung tâm Học liệu Trường Đại học Cần Thơ
LEADER 00475nam a2200181Ia 4500
001 CTU_78787
008 210402s9999 xx 000 0 und d
082 |a 338.5 
082 |b M287 
100 |a Mansfield, Ewin 
245 0 |a Microeconomics : 
245 0 |b Theory/Applications 
245 0 |c Ewin Mansfield 
260 |a New York 
260 |b W. W. Norton & Company 
260 |c 1985 
650 |a Microeconomies 
980 |a Trung tâm Học liệu Trường Đại học Cần Thơ